L’alerte, un enjeu démocratique ? (notice n° 1627071)

détails MARC
000 -LEADER
fixed length control field 01360cam a2200229 4500500
005 - DATE AND TIME OF LATEST TRANSACTION
control field 20260111093718.0
041 ## - LANGUAGE CODE
Language code of text/sound track or separate title fre
042 ## - AUTHENTICATION CODE
Authentication code dc
100 10 - MAIN ENTRY--PERSONAL NAME
Personal name Chateauraynaud, Francis
Relator term author
245 00 - TITLE STATEMENT
Title L’alerte, un enjeu démocratique ?
260 ## - PUBLICATION, DISTRIBUTION, ETC.
Date of publication, distribution, etc. 2019.<br/>
500 ## - GENERAL NOTE
General note 62
520 ## - SUMMARY, ETC.
Summary, etc. Les participants soulignent que lancer l’alerte est un geste démocratique important, mais s’opposent entre les défenseurs du simple citoyen qui sacrifie son intérêt particulier pour l’intérêt général et ceux qui valorisent les réseaux collectifs de défense des biens communs. Tous insistent sur le contexte de faillite des espaces traditionnels de la critique.
520 ## - SUMMARY, ETC.
Summary, etc. Contributors underline that whistleblowing is a significant democratic gesture, but differ on whether it refers to individuals sacrificing their particular interests for the general interest or to collective networks promoting commons. All insist on a context of failed traditional critical spaces.
700 10 - ADDED ENTRY--PERSONAL NAME
Personal name Deltour, Antoine
Relator term author
700 10 - ADDED ENTRY--PERSONAL NAME
Personal name Vasseur, Flore
Relator term author
700 10 - ADDED ENTRY--PERSONAL NAME
Personal name Bujon, Anne-Lorraine
Relator term author
700 10 - ADDED ENTRY--PERSONAL NAME
Personal name Decoster, Juliette
Relator term author
700 10 - ADDED ENTRY--PERSONAL NAME
Personal name Schmid, Lucile
Relator term author
786 0# - DATA SOURCE ENTRY
Note Esprit | Avril | 4 | 2019-03-29 | p. 57-70 | 0014-0759
856 41 - ELECTRONIC LOCATION AND ACCESS
Uniform Resource Identifier <a href="https://shs.cairn.info/revue-esprit-2019-4-page-57?lang=fr&redirect-ssocas=7080">https://shs.cairn.info/revue-esprit-2019-4-page-57?lang=fr&redirect-ssocas=7080</a>

Pas d'exemplaire disponible.

PLUDOC

PLUDOC est la plateforme unique et centralisée de gestion des bibliothèques physiques et numériques de Guinée administré par le CEDUST. Elle est la plus grande base de données de ressources documentaires pour les Étudiants, Enseignants chercheurs et Chercheurs de Guinée.

Adresse

627 919 101/664 919 101

25 boulevard du commerce
Kaloum, Conakry, Guinée

Réseaux sociaux

Powered by Netsen Group @ 2025